00326 a2200145 450000100060000002000150000604000240002110000240004524000280006924500230009730000070012036200090012744000130013665000310014969742 a8535607722 cAnchieta - Itaigara aGaboardi, Lucila C.10aFilomena no jardimlpor10aFilomena no jardim a380 a2002 1aPaulinas 4aLiteratura infanto-juvenil